000 00463nam a2200157 a 4500
001 000034219
005 20200930070858.0
008 110928s2001 dr ac 000 0 spa d
040 _aDO-SdBNP
_bspa
_cBNPHU
082 _axxxx
_bG216p
100 1 _aGarcía Muñoz, Reginald
_959640
245 1 0 _aPuentes arte y ciencia. /
_cReginald Garcia Muño.
260 _aSanto Domingo :
_bAmigo del Hogar,
_c2001.
300 _a180 p. :
_bil., retr. ;
_c20 cm.
049 _aBNPD
999 _c33710
_d33710